Aspects of political developement. (Record no. 696)

MARC details
000 -LEADER
fixed length control field 00505cam a2200193ua 4500
001 - CONTROL NUMBER
control field 770
005 - DATE AND TIME OF LATEST TRANSACTION
control field 20260515113225.0
008 - FIXED-LENGTH DATA ELEMENTS--GENERAL INFORMATION
fixed length control field 110419n ii |||gr||||Z||||||eng
040 ## - CATALOGING SOURCE
Transcribing agency MAIN
082 ## - DEWEY DECIMAL CLASSIFICATION NUMBER
Classification number 320.5
245 1# - TITLE STATEMENT
Title Aspects of political developement.
Statement of responsibility, etc. By Lucian W Pye.
250 ## - EDITION STATEMENT
Edition statement 1st.
260 ## - PUBLICATION, DISTRIBUTION, ETC.
Place of publication, distribution, etc. Calcutta.:
Name of publisher, distributor, etc. Amerind publishing co.,966.
300 ## - PHYSICAL DESCRIPTION
Extent 205 p.:
Dimensions 20 cm.
653 ## - INDEX TERM--UNCONTROLLED
Uncontrolled term Political science.
653 ## - INDEX TERM--UNCONTROLLED
Uncontrolled term Aspects of political developement.
700 ## - ADDED ENTRY--PERSONAL NAME
Personal name Pye, Lucian W.,
942 ## - ADDED ENTRY ELEMENTS (KOHA)
Koha item type Books
Holdings
Withdrawn status Lost status Damaged status Not for loan Home library Current library Shelving location Date acquired Total checkouts Full call number Barcode Date last seen Copy number Price effective from Koha item type
        Naharkatiya College Library Naharkatiya College Library General stacks 09/19/2020   320.5 | PYE 138 09/19/2020 2 09/19/2020 Books
        Naharkatiya College Library Naharkatiya College Library General stacks 09/19/2020   320.5 | PYE 810 09/19/2020 1 09/19/2020 Books